000
00304nam a2200121 a 4500
008
100922s1978|||| d
100
1
_a
Ferko, Milan
245
1
0
_a
Jánošík
_b
Traste sa kaštiele
260
_c
1978
_a
Bratislava
_b
Slovenský spisovateľ
020
_c
55
044
_a
xo
_c
SK
041
_a
slo
999
_c
10594
_d
10594